000 00306nam a2200109Ia 4500
008 171211s9999 xx 000 0 und d
245 _aFusion 360 Operations Manual [Basic level]
245 _cHiroaki Mitani
260 _c2017
650 _xSOFTWARE
856 _uhttp://down.ebook777.com/061/B01N5XDC74.pdf
999 _c349377
_d349377